| 000 | 01287nam a2200229Ia 4500 | ||
|---|---|---|---|
| 003 | Ost | ||
| 005 | 20260507075529.0 | ||
| 008 | 260507s9999||||xx |||||||||||||| ||und|| | ||
| 040 | _cfsecg | ||
| 041 | _aara | ||
| 082 | _a658.8 | ||
| 100 |
_aمصطفى، محمد محمود _eمؤلف |
||
| 245 | 0 |
_aالتسويق الاستراتيجي للخدمات / _c محمد محمود مصطفى |
|
| 260 |
_aعمان: _bدار المناهج للنشر والتوزيع, _c2008 |
||
| 300 |
_a332 صفحة؛ _bإيضاحات ؛ _c24 سم |
||
| 504 | _aبيبليوغرافيا: ص ص.327-332 | ||
| 520 | _aالتخطيط التسويقي الإستراتيجي طبيعته وأبعاده، استراتيجيات تصنيف الخدمات، الإستراتيجيات التسويقية التنافسية في الخدمات، استراتيجيات إدارة العرض والطلب والإنتاجية، إستراتيجيات تسعير الخدمات، استراتيجيات ترويج الخدمة، استراتيجيات تقديم الخدمات، إستراتيجيات جودة الخدمة، حالات دراسية تطبيقية | ||
| 653 | _aالإستراتيجية التنافسية | ||
| 653 | _aالتسويق | ||
| 653 | _aالخدمات | ||
| 942 | _cكتاب | ||
| 999 |
_c44814 _d44814 |
||